[Event "Florianopolis 2nd"]
[Site "Florianopolis"]
[Date "2015.06.21"]
[Round "4"]
[White "Gauche, Charles"]
[Black "Rodriguez Vila, Andres"]
[Result "0-1"]
[WhiteElo "2275"]
[BlackElo "2469"]
[PlyCount "100"]
[EventDate "2015.06.19"]
[EventType "tourn"]
[EventRounds "9"]
[EventCountry "BRA"]
[EventCategory "6"]
[SourceTitle "CBM 167 Extra"]
[Source "ChessBase"]
[SourceDate "2015.09.14"]
[SourceVersion "1"]
[SourceVersionDate "2015.09.14"]
[SourceQuality "1"]

1. Nf3 Nf6 2. d4 e6 3. e3 b6 4. Bd3 Bb7 5. O-O c5 6. c3 Be7 7. Qe2 O-O 8. e4 d5
9. e5 Ne4 10. Nbd2 Nxd2 11. Bxd2 a5 12. Ne1 Nc6 13. Be3 cxd4 14. cxd4 Nb4 15.
Bb5 Ba6 16. a3 Qe8 17. Bxa6 Nxa6 18. f4 Qd7 19. Rf3 Nc7 20. Rc1 a4 21. Bf2 Nb5
22. Rh3 Rfc8 23. Rd1 g6 24. Qg4 Rc4 25. Rhd3 Rac8 26. Be3 Qd8 27. Qh3 R8c6 28.
g4 f5 29. exf6 Bxf6 30. f5 exf5 31. gxf5 Qd7 32. Nf3 Qxf5 33. Qxf5 gxf5 34. Ne5
Bxe5 35. dxe5 f4 36. Bf2 Nc7 37. Rd4 b5 38. Rxc4 bxc4 39. Rd4 Rb6 40. Rxf4 Rxb2
41. Rf6 c3 42. Rc6 c2 43. Be3 d4 44. Bh6 Kf7 45. Rxc7+ Ke6 46. Bf4 d3 47. Rc6+
Kd5 48. Rc8 Ke4 49. Bd2 Rb1+ 50. Kf2 Rd1 0-1

[Event "Florianopolis 2nd"]
[Site "Florianopolis"]
[Date "2015.06.22"]
[Round "6"]
[White "Rodriguez Vila, Andres"]
[Black "Dejeanne, Francisco Horacio"]
[Result "1-0"]
[WhiteElo "2469"]
[BlackElo "2195"]
[PlyCount "63"]
[EventDate "2015.06.19"]
[EventType "tourn"]
[EventRounds "9"]
[EventCountry "BRA"]
[EventCategory "6"]
[SourceTitle "CBM 167 Extra"]
[Source "ChessBase"]
[SourceDate "2015.09.14"]
[SourceVersion "1"]
[SourceVersionDate "2015.09.14"]
[SourceQuality "1"]

1. e4 e6 2. d4 d5 3. e5 c5 4. c3 Qb6 5. Nf3 Bd7 6. Bd3 Bb5 7. dxc5 Bxc5 8. b4
Bxd3 9. Qxd3 Bf8 10. Na3 a6 11. Be3 Qc7 12. O-O Nc6 13. c4 d4 14. Nxd4 Nxe5 15.
Qe2 Nd7 16. c5 Be7 17. g3 Ngf6 18. Bf4 Qc8 19. Nc4 O-O 20. Rac1 Nd5 21. Nxe6
Nxf4 22. Nxf4 Re8 23. Nd5 Bg5 24. Qh5 Bxc1 25. Nd6 g6 26. Qf3 Ne5 27. Nf6+ Kf8
28. Nxh7+ Kg8 29. Nf6+ Kf8 30. Qg2 Qc6 31. Nfxe8 Ba3 32. Rb1 1-0

[Event "Florianopolis 2nd"]
[Site "Florianopolis"]
[Date "2015.06.23"]
[Round "7"]
[White "Matsuura, Everaldo"]
[Black "Rodriguez Vila, Andres"]
[Result "1-0"]
[WhiteElo "2494"]
[BlackElo "2469"]
[PlyCount "41"]
[EventDate "2015.06.19"]
[EventType "tourn"]
[EventRounds "9"]
[EventCountry "BRA"]
[EventCategory "6"]
[SourceTitle "CBM 167 Extra"]
[Source "ChessBase"]
[SourceDate "2015.09.14"]
[SourceVersion "1"]
[SourceVersionDate "2015.09.14"]
[SourceQuality "1"]

1. e4 e6 2. d4 d5 3. Nc3 Bb4 4. e5 Ne7 5. a3 Bxc3+ 6. bxc3 b6 7. Qg4 Ng6 8. h4
h5 9. Qd1 Qd7 10. Be2 Qc6 11. Rh3 Ba6 12. Bxh5 Nxh4 13. Bg5 Ng6 14. Kd2 Rf8 15.
Qg4 Qd7 16. Bxg6 fxg6 17. Nf3 Qf7 18. Rh7 Nd7 19. Rxg7 Qf5 20. Re7+ Kd8 21.
Rf7+ 1-0

[Event "Florianopolis 2nd"]
[Site "Florianopolis"]
[Date "2015.06.24"]
[Round "8"]
[White "Rodriguez Vila, Andres"]
[Black "Molina, Roberto Junio Brito"]
[Result "1/2-1/2"]
[WhiteElo "2469"]
[BlackElo "2450"]
[PlyCount "47"]
[EventDate "2015.06.19"]
[EventType "tourn"]
[EventRounds "9"]
[EventCountry "BRA"]
[EventCategory "6"]
[SourceTitle "CBM 167 Extra"]
[Source "ChessBase"]
[SourceDate "2015.09.14"]
[SourceVersion "1"]
[SourceVersionDate "2015.09.14"]
[SourceQuality "1"]

1. e4 c5 2. Nf3 e6 3. c3 d5 4. e5 d4 5. Na3 Nc6 6. Bb5 Bd7 7. O-O a6 8. Bd3
Nge7 9. Nc4 Ng6 10. a4 Be7 11. a5 O-O 12. Re1 Qc7 13. g3 f5 14. exf6 Bxf6 15.
Qe2 Rae8 16. h4 e5 17. Qe4 Bd8 18. h5 Bf5 19. Qd5+ Be6 20. Qe4 Bf5 21. Qd5+ Be6
22. Qe4 Bf5 23. Qd5+ Be6 24. Qe4 1/2-1/2

[Event "ARG-chT"]
[Site "Villa Martelli"]
[Date "2015.08.29"]
[Round "1.3"]
[White "Rodriguez Vila, Andres"]
[Black "Bulcourf, Carlos"]
[Result "1-0"]
[WhiteElo "2468"]
[BlackElo "1978"]
[PlyCount "49"]
[EventDate "2015.08.29"]
[EventType "team-swiss"]
[EventRounds "9"]
[EventCountry "ARG"]
[SourceTitle "EXT 2017"]
[Source "ChessBase"]
[SourceDate "2016.10.25"]
[SourceVersion "1"]
[SourceVersionDate "2016.10.25"]
[SourceQuality "1"]
[WhiteTeam "Republica Martelli"]
[BlackTeam "Vte Lopez University"]
[WhiteTeamCountry "ARG"]
[BlackTeamCountry "ARG"]

1. e4 Nf6 2. d3 d5 3. e5 Ng4 4. Nf3 h5 5. Be2 c5 6. O-O Nc6 7. Bf4 g6 8. Re1 e6
9. Bf1 Be7 10. Qd2 Nd4 11. Nxd4 cxd4 12. h3 g5 13. hxg4 gxf4 14. Qxf4 hxg4 15.
Qxg4 Qb6 16. Nd2 Bd7 17. Nb3 Bc5 18. Rac1 Rc8 19. Qg7 Rf8 20. Be2 a5 21. Bh5
Bb4 22. c3 dxc3 23. bxc3 Bxc3 24. Re3 a4 25. Rf3 1-0

[Event "ARG-chT"]
[Site "Villa Martelli"]
[Date "2015.09.05"]
[Round "2.2"]
[White "Perez, Maximiliano"]
[Black "Rodriguez Vila, Andres"]
[Result "1-0"]
[WhiteElo "2380"]
[BlackElo "2468"]
[PlyCount "89"]
[EventDate "2015.08.29"]
[EventType "team-swiss"]
[EventRounds "9"]
[EventCountry "ARG"]
[SourceTitle "EXT 2017"]
[Source "ChessBase"]
[SourceDate "2016.10.25"]
[SourceVersion "1"]
[SourceVersionDate "2016.10.25"]
[SourceQuality "1"]
[WhiteTeam "Ferro Carril Oeste"]
[BlackTeam "Republica Martelli"]
[WhiteTeamCountry "ARG"]
[BlackTeamCountry "ARG"]

1. e4 e6 2. d4 d5 3. Nd2 a6 4. Ngf3 c5 5. exd5 exd5 6. dxc5 Bxc5 7. Nb3 Ba7 8.
c3 Ne7 9. Bd3 Nbc6 10. h3 O-O 11. O-O Nf5 12. Bf4 Qf6 13. Qd2 h6 14. Rfe1 Be6
15. Rad1 Rfd8 16. Ne5 Nd6 17. Nxc6 bxc6 18. Be5 Qh4 19. Bd4 Nc4 20. Qe2 Bb8 21.
Nc5 Re8 22. Bxc4 dxc4 23. Nxe6 Rxe6 24. Qxc4 Be5 25. Qf1 Bxd4 26. Rxe6 Bxf2+
27. Qxf2 Qxf2+ 28. Kxf2 fxe6 29. Rd6 Rc8 30. Rxe6 Kf7 31. Re4 c5 32. b3 h5 33.
Ke3 Rc6 34. g4 hxg4 35. hxg4 Rd6 36. Re5 c4 37. bxc4 Rd1 38. g5 Ra1 39. c5 Rxa2
40. c6 Rh2 41. g6+ Kxg6 42. Re8 Rh1 43. Kd2 Rh2+ 44. Kc1 Kf7 45. c7 1-0

[Event "ARG-chT"]
[Site "Villa Martelli"]
[Date "2015.09.19"]
[Round "4.2"]
[White "Paveto, Kevin"]
[Black "Rodriguez Vila, Andres"]
[Result "0-1"]
[WhiteElo "2417"]
[BlackElo "2468"]
[PlyCount "80"]
[EventDate "2015.08.29"]
[EventType "team-swiss"]
[EventRounds "9"]
[EventCountry "ARG"]
[SourceTitle "EXT 2017"]
[Source "ChessBase"]
[SourceDate "2016.10.25"]
[SourceVersion "1"]
[SourceVersionDate "2016.10.25"]
[SourceQuality "1"]
[WhiteTeam "Ushuaia Jaque Mate"]
[BlackTeam "Republica Martelli"]
[WhiteTeamCountry "ARG"]
[BlackTeamCountry "ARG"]

1. e4 e6 2. d4 d5 3. Nd2 Be7 4. Qg4 Nf6 5. Qxg7 Rg8 6. Qh6 dxe4 7. Qe3 Nc6 8.
c3 Qd5 9. f3 exf3 10. Ngxf3 Ng4 11. Qe4 Qh5 12. Bd3 f5 13. Qe2 Bd6 14. Nc4 Bg3+
15. Kf1 Bd7 16. Kg1 Nf2 17. d5 O-O-O 18. dxc6 Bxc6 19. hxg3 Nxh1 20. Bf4 Nxg3
21. Qe5 Rd7 22. Bxg3 Bxf3 23. Kf2 f4 24. Qxf4 Bd5 25. Ne5 Rdg7 26. Be2 Qe8 27.
c4 Rxg3 28. cxd5 Rxg2+ 29. Ke3 exd5 30. Bf3 R2g5 31. Kd4 Qa4+ 32. Ke3 Rxe5+ 33.
Qxe5 Re8 34. Bg4+ Kb8 35. Be6 Qa6 36. Qxd5 Rxe6+ 37. Kf4 Rf6+ 38. Ke5 Rf8 39.
Kd4 Qf6+ 40. Ke4 Qxb2 0-1

[Event "ARG-chT"]
[Site "Villa Martelli"]
[Date "2015.09.26"]
[Round "5.3"]
[White "Rodriguez Vila, Andres"]
[Black "Martinez de Negri, Tomas"]
[Result "1-0"]
[WhiteElo "2468"]
[BlackElo "1763"]
[PlyCount "121"]
[EventDate "2015.08.29"]
[EventType "team-swiss"]
[EventRounds "9"]
[EventCountry "ARG"]
[SourceTitle "EXT 2017"]
[Source "ChessBase"]
[SourceDate "2016.10.25"]
[SourceVersion "1"]
[SourceVersionDate "2016.10.25"]
[SourceQuality "1"]
[WhiteTeam "Republica Martelli"]
[BlackTeam "Quilmes"]
[WhiteTeamCountry "ARG"]
[BlackTeamCountry "ARG"]

1. e4 e5 2. Bc4 Nf6 3. d3 Nc6 4. Nf3 Be7 5. O-O d6 6. c3 O-O 7. Nbd2 Na5 8. Bb5
a6 9. Ba4 b5 10. Bc2 c5 11. Re1 Re8 12. Nf1 h6 13. Ng3 Bf8 14. a4 Bd7 15. d4
Qc7 16. d5 c4 17. Be3 Ng4 18. Bc1 bxa4 19. h3 Nf6 20. Bxa4 Bxa4 21. Rxa4 Nb3
22. Be3 a5 23. Nd2 Nxd2 24. Qxd2 Rab8 25. Rea1 Rb5 26. Qe2 Rc8 27. R1a2 g6 28.
f3 Nd7 29. Nf1 Qb7 30. Rxa5 Rxa5 31. Rxa5 Rb8 32. Ra7 Qb5 33. Nd2 Nc5 34. Nxc4
Na4 35. Ra5 Qb3 36. Kh2 Nxb2 37. Qxb2 Qxb2 38. Nxb2 Rxb2 39. Ra8 g5 40. h4 Re2
41. Bb6 Kg7 42. Bd8 g4 43. Kg3 Kg6 44. Ba5 gxf3 45. Kxf3 Ra2 46. Rxf8 Rxa5 47.
Rd8 Ra6 48. g4 Kf6 49. Rd7 Rb6 50. Ke3 Kg6 51. Kd3 Kf6 52. Kc2 Kg6 53. Rc7 Rb8
54. Rc6 Rd8 55. c4 Kf6 56. c5 Ke7 57. Rxd6 Rg8 58. Rxh6 Rxg4 59. c6 f6 60. Rh7+
Kd8 61. d6 1-0

[Event "ARG-chT"]
[Site "Villa Martelli"]
[Date "2015.10.03"]
[Round "6.1"]
[White "Alonso, Salvador"]
[Black "Rodriguez Vila, Andres"]
[Result "1-0"]
[WhiteElo "2501"]
[BlackElo "2468"]
[PlyCount "37"]
[EventDate "2015.08.29"]
[EventType "team-swiss"]
[EventRounds "9"]
[EventCountry "ARG"]
[SourceTitle "EXT 2017"]
[Source "ChessBase"]
[SourceDate "2016.10.25"]
[SourceVersion "1"]
[SourceVersionDate "2016.10.25"]
[SourceQuality "1"]
[WhiteTeam "Obras Aysa"]
[BlackTeam "Republica Martelli"]
[WhiteTeamCountry "ARG"]
[BlackTeamCountry "ARG"]

1. e4 e6 2. d4 d5 3. Nd2 Be7 4. Ngf3 Nf6 5. e5 Nfd7 6. Bd3 c5 7. c3 Nc6 8. O-O
g5 9. dxc5 g4 10. Nd4 Ndxe5 11. N2b3 Nxd3 12. Qxd3 h5 13. f4 f5 14. Be3 Rh6 15.
Rad1 Kf7 16. Qe2 Na5 17. Nxa5 Qxa5 18. b4 Qa4 19. Rfe1 1-0

[Event "ARG-chT"]
[Site "Villa Martelli"]
[Date "2015.10.24"]
[Round "9.3"]
[White "Rodriguez Vila, Andres"]
[Black "Quiroga, Facundo"]
[Result "1-0"]
[WhiteElo "2468"]
[BlackElo "2231"]
[PlyCount "55"]
[EventDate "2015.08.29"]
[EventType "team-swiss"]
[EventRounds "9"]
[EventCountry "ARG"]
[SourceTitle "EXT 2017"]
[Source "ChessBase"]
[SourceDate "2016.10.25"]
[SourceVersion "1"]
[SourceVersionDate "2016.10.25"]
[SourceQuality "1"]
[WhiteTeam "Republica Martelli"]
[BlackTeam "Club Argentino"]
[WhiteTeamCountry "ARG"]
[BlackTeamCountry "ARG"]

1. e4 c5 2. Nc3 Nc6 3. Nge2 e5 4. Nd5 Be7 5. Nec3 Nf6 6. Bc4 d6 7. d3 Nxd5 8.
Nxd5 Be6 9. c3 O-O 10. a4 Kh8 11. O-O Bxd5 12. Bxd5 Bg5 13. f4 exf4 14. Bxf4
Bxf4 15. Rxf4 Qg5 16. Rf3 f5 17. a5 fxe4 18. dxe4 Ne5 19. Rg3 Qf4 20. a6 Qf2+
21. Kh1 Rf6 22. axb7 Raf8 23. Qg1 Qxb2 24. h3 Ng6 25. Rb1 Qxb1 26. Qxb1 Rf1+
27. Qxf1 Rxf1+ 28. Kh2 1-0

[Event "Barreirinhas Athenas op"]
[Site "Barreirinhas"]
[Date "2015.10.16"]
[Round "1"]
[White "Cardoso Da Silva, Roberto"]
[Black "Rodriguez Vila, Andres"]
[Result "0-1"]
[WhiteElo "1833"]
[BlackElo "2468"]
[PlyCount "64"]
[EventDate "2015.10.16"]
[EventType "swiss"]
[EventRounds "6"]
[EventCountry "BRA"]
[SourceTitle "CBM 168 Extra"]
[Source "ChessBase"]
[SourceDate "2015.10.29"]
[SourceVersion "1"]
[SourceVersionDate "2015.10.29"]
[SourceQuality "1"]

1. d4 e6 2. c4 Nf6 3. Nc3 Bb4 4. Qc2 O-O 5. g3 d6 6. Bg2 e5 7. e3 Re8 8. Nge2
Bxc3+ 9. bxc3 e4 10. d5 c5 11. dxc6 Nxc6 12. O-O Ne5 13. Nd4 Nxc4 14. Bb2 d5
15. h3 Bd7 16. a4 Rc8 17. Rfc1 Qc7 18. Ra2 h5 19. Qe2 g6 20. Rc2 Kg7 21. Bc1
Nh7 22. f4 exf3 23. Qxf3 Ng5 24. Qxd5 Nxh3+ 25. Kh2 h4 26. Ne2 hxg3+ 27. Nxg3
Rh8 28. Qd4+ f6 29. e4 Rce8 30. Rab2 Bc8 31. Rxb7 Bxb7 32. Bxh3 Rxe4 0-1

[Event "Barreirinhas Athenas op"]
[Site "Barreirinhas"]
[Date "2015.10.16"]
[Round "2"]
[White "Rodriguez Vila, Andres"]
[Black "Damous, Felipe Soares"]
[Result "1-0"]
[WhiteElo "2468"]
[BlackElo "2100"]
[PlyCount "59"]
[EventDate "2015.10.16"]
[EventType "swiss"]
[EventRounds "6"]
[EventCountry "BRA"]
[SourceTitle "CBM 168 Extra"]
[Source "ChessBase"]
[SourceDate "2015.10.29"]
[SourceVersion "1"]
[SourceVersionDate "2015.10.29"]
[SourceQuality "1"]

1. e4 c6 2. d4 d5 3. Nd2 dxe4 4. Nxe4 Nd7 5. Ng5 Ngf6 6. Bd3 e6 7. N1f3 Bd6 8.
Qe2 h6 9. Ne4 Nxe4 10. Qxe4 Nf6 11. Qe2 Qc7 12. Bd2 b6 13. O-O-O Bb7 14. Ne5
O-O 15. f4 c5 16. dxc5 bxc5 17. Rhe1 Rac8 18. c4 Ba8 19. Bc3 Rfd8 20. g4 Bxe5
21. Bxe5 Qc6 22. g5 hxg5 23. fxg5 Nd7 24. g6 fxg6 25. Bxg6 Nf8 26. Rg1 Rxd1+
27. Qxd1 Qf3 28. Bh7+ Kh8 29. Qxf3 Bxf3 30. Rxg7 1-0

[Event "Barreirinhas Athenas op"]
[Site "Barreirinhas"]
[Date "2015.10.17"]
[Round "3"]
[White "Fernandez, Maria Florencia"]
[Black "Rodriguez Vila, Andres"]
[Result "0-1"]
[WhiteElo "2214"]
[BlackElo "2468"]
[PlyCount "54"]
[EventDate "2015.10.16"]
[EventType "swiss"]
[EventRounds "6"]
[EventCountry "BRA"]
[SourceTitle "CBM 168 Extra"]
[Source "ChessBase"]
[SourceDate "2015.10.29"]
[SourceVersion "1"]
[SourceVersionDate "2015.10.29"]
[SourceQuality "1"]

1. d4 Nf6 2. c4 e6 3. Nc3 Bb4 4. Bd2 O-O 5. Nf3 b6 6. e3 Bb7 7. Bd3 d6 8. O-O
Nbd7 9. Qc2 e5 10. Ng5 g6 11. f4 Qe7 12. fxe5 dxe5 13. Rae1 Ng4 14. Be4 Bxc3
15. Qxc3 Bxe4 16. Nxe4 Nxh2 17. dxe5 Nxf1 18. Rxf1 f5 19. Nf6+ Nxf6 20. exf6
Qxf6 21. Qb3 c5 22. Bc3 Qe6 23. Rf3 Rad8 24. Kf2 Rd3 25. Qa4 a5 26. Qb5 f4 27.
exf4 Rxf4 0-1

[Event "Barreirinhas Athenas op"]
[Site "Barreirinhas"]
[Date "2015.10.17"]
[Round "4"]
[White "Rodriguez Vila, Andres"]
[Black "Diamant, Andre"]
[Result "0-1"]
[WhiteElo "2468"]
[BlackElo "2492"]
[PlyCount "92"]
[EventDate "2015.10.16"]
[EventType "swiss"]
[EventRounds "6"]
[EventCountry "BRA"]
[SourceTitle "CBM 168 Extra"]
[Source "ChessBase"]
[SourceDate "2015.10.29"]
[SourceVersion "1"]
[SourceVersionDate "2015.10.29"]
[SourceQuality "1"]

1. e4 c5 2. Nf3 Nc6 3. Nc3 d6 4. d4 cxd4 5. Nxd4 Nf6 6. Be3 e5 7. Nf3 Be7 8. h3
O-O 9. Be2 Be6 10. Ng5 Bd7 11. O-O h6 12. Nf3 Be6 13. Re1 d5 14. exd5 Nxd5 15.
Nxd5 Qxd5 16. Nd2 Rad8 17. c3 f5 18. Nb3 Qe4 19. Qc1 Qh4 20. f4 Bd5 21. Bf2
Qxf4 22. Qxf4 exf4 23. Rad1 Be4 24. Nc5 Bxc5 25. Bxc5 Rfe8 26. Bh5 Rxd1 27.
Rxd1 Rc8 28. b4 b6 29. Bd6 g5 30. b5 Na5 31. Bb4 Nb7 32. Rd7 Rd8 33. Rc7 Rd2
34. Be7 Rxg2+ 35. Kf1 f3 36. Rd7 Nc5 37. Bxc5 bxc5 38. Bf7+ Kg7 39. Bc4+ Kf6
40. Ke1 g4 41. hxg4 fxg4 42. Rxa7 g3 43. Rf7+ Kg5 44. b6 Rb2 45. Rg7+ Kf4 46.
b7 Ke3 0-1

[Event "Barreirinhas Athenas op"]
[Site "Barreirinhas"]
[Date "2015.10.18"]
[Round "5"]
[White "Santiago, Yago de Moura"]
[Black "Rodriguez Vila, Andres"]
[Result "1-0"]
[WhiteElo "2402"]
[BlackElo "2468"]
[PlyCount "139"]
[EventDate "2015.10.16"]
[EventType "swiss"]
[EventRounds "6"]
[EventCountry "BRA"]
[SourceTitle "CBM 168 Extra"]
[Source "ChessBase"]
[SourceDate "2015.10.29"]
[SourceVersion "1"]
[SourceVersionDate "2015.10.29"]
[SourceQuality "1"]

1. d4 e6 2. Nf3 Nf6 3. c4 Bb4+ 4. Nbd2 b6 5. a3 Bxd2+ 6. Qxd2 Bb7 7. e3 O-O 8.
Be2 Ne4 9. Qc2 d6 10. O-O f5 11. b3 Rf6 12. Bb2 Rh6 13. d5 Nd7 14. g3 exd5 15.
cxd5 Bxd5 16. Bc4 Bxc4 17. Qxc4+ Kh8 18. Nh4 Rxh4 19. gxh4 Nd2 20. Qf7 Ne5 21.
Bxe5 dxe5 22. Rfd1 f4 23. exf4 e4 24. Kg2 Qd3 25. Qh5 Rd8 26. b4 h6 27. Re1 Qd6
28. Rad1 Rf8 29. Re3 Rxf4 30. Qe2 Qg6+ 31. Rg3 Qc6 32. Qe3 Rf3 33. Qxd2 Rd3 34.
Rxd3 e3+ 35. f3 Qg6+ 36. Kf1 exd2 37. R1xd2 Qh5 38. Rc3 Kh7 39. Kg1 Qxh4 40.
Rdc2 Qg5+ 41. Kf2 a5 42. Rc4 Qe5 43. Kg2 Qa1 44. a4 axb4 45. Rxb4 Qa3 46. Rbc4
c5 47. Rg4 h5 48. Re4 Qb3 49. Rec4 Qa3 50. Kf2 Qa1 51. Kg2 Kg6 52. h4 Kf5 53.
Re4 g6 54. Rd2 Qb1 55. Rd5+ Kf6 56. Rd6+ Kg7 57. Re7+ Kh6 58. Ree6 c4 59. Rxb6
Qc2+ 60. Kf1 Qd1+ 61. Kg2 c3 62. Rxg6+ Kh7 63. Rge6 Qd2+ 64. Kg3 Qd7 65. Rh6+
Kg8 66. Rbg6+ Kf8 67. Rh8+ Ke7 68. Rh7+ Kd8 69. Rxd7+ Kxd7 70. Kf2 1-0

[Event "Barreirinhas Athenas op"]
[Site "Barreirinhas"]
[Date "2015.10.18"]
[Round "6"]
[White "Rodriguez Vila, Andres"]
[Black "Lobato, Nivaldo"]
[Result "1-0"]
[WhiteElo "2468"]
[BlackElo "2092"]
[PlyCount "51"]
[EventDate "2015.10.16"]
[EventType "swiss"]
[EventRounds "6"]
[EventCountry "BRA"]
[SourceTitle "CBM 168 Extra"]
[Source "ChessBase"]
[SourceDate "2015.10.29"]
[SourceVersion "1"]
[SourceVersionDate "2015.10.29"]
[SourceQuality "1"]

1. e4 c5 2. Nf3 Nc6 3. d4 cxd4 4. Nxd4 Nf6 5. Nc3 e5 6. Ndb5 d6 7. Nd5 Nxd5 8.
exd5 Nb8 9. Qf3 Bd7 10. Bg5 Qa5+ 11. Bd2 Qb6 12. a4 a6 13. Na3 Qc5 14. Nc4 b5
15. Be3 Qb4+ 16. c3 Qb3 17. axb5 Bxb5 18. Qf5 Bd7 19. Qb1 g6 20. Nb6 Bf5 21.
Bd3 Bxd3 22. Qxd3 Ra7 23. Ra3 Qxb2 24. Nc4 Qb7 25. Na5 Qb2 26. Rb3 1-0

[Event "Buenos Aires Aloas Cup-A"]
[Site "Buenos Aires"]
[Date "2015.11.01"]
[Round "1"]
[White "Rodriguez Vila, Andres"]
[Black "Paveto, Kevin"]
[Result "1-0"]
[WhiteElo "2477"]
[BlackElo "2424"]
[PlyCount "73"]
[EventDate "2015.11.01"]
[EventType "tourn"]
[EventRounds "9"]
[EventCountry "ARG"]
[EventCategory "9"]
[SourceTitle "CBM 169 Extra"]
[Source "ChessBase"]
[SourceDate "2015.12.18"]
[SourceVersion "1"]
[SourceVersionDate "2015.12.18"]
[SourceQuality "1"]

1. e4 e5 2. Bc4 Nf6 3. d3 c6 4. Nf3 d5 5. Bb3 Bb4+ 6. Bd2 Bxd2+ 7. Qxd2 O-O 8.
Nxe5 Qe7 9. f4 dxe4 10. d4 a5 11. Nc3 a4 12. Nxa4 Rxa4 13. Bxa4 Nd5 14. Bb3 e3
15. Qe2 Qb4+ 16. c3 Nxc3 17. Qxe3 Ne4+ 18. Ke2 Nd6 19. Rad1 Nd7 20. Kf3 Nf5 21.
Qc3 Qd6 22. Rhe1 Qh6 23. Nxf7 Qxh2 24. Nh6+ Kh8 25. Nxf5 Rxf5 26. Re8+ Nf8 27.
Qe3 Bd7 28. Ra8 Rf6 29. Rf1 h5 30. Kf2 Rxf4+ 31. Ke1 Qh4+ 32. Rf2 Rf6 33. g3
Qh1+ 34. Kd2 Bf5 35. Qg5 Qh3 36. Bc2 Bxc2 37. Rxf6 1-0

[Event "Buenos Aires Aloas Cup-A"]
[Site "Buenos Aires"]
[Date "2015.11.02"]
[Round "2"]
[White "Perez Ponsa, Federico"]
[Black "Rodriguez Vila, Andres"]
[Result "1-0"]
[WhiteElo "2576"]
[BlackElo "2477"]
[PlyCount "77"]
[EventDate "2015.11.01"]
[EventType "tourn"]
[EventRounds "9"]
[EventCountry "ARG"]
[EventCategory "9"]
[SourceTitle "CBM 169 Extra"]
[Source "ChessBase"]
[SourceDate "2015.12.18"]
[SourceVersion "1"]
[SourceVersionDate "2015.12.18"]
[SourceQuality "1"]

1. e4 e6 2. d4 d5 3. Nc3 Nc6 4. e5 f6 5. Nf3 fxe5 6. Nxe5 Nf6 7. Bb5 Bd7 8.
Bxc6 bxc6 9. O-O Bd6 10. Na4 O-O 11. Nc5 Bxc5 12. dxc5 Be8 13. Be3 Rb8 14. Bd4
Qe7 15. Qd3 Ne4 16. f3 Ng5 17. Rae1 Nf7 18. Ng4 Nd8 19. Rf2 Rf4 20. Qe3 Rf5 21.
Qa3 Rb7 22. Rfe2 Rf4 23. c3 Qd7 24. Qa6 Qc8 25. b3 Rf8 26. Ne5 Rb8 27. Qd3 Nf7
28. Ng4 Nd8 29. Bxg7 Kxg7 30. Qd4+ Kg6 31. Ne5+ Kh6 32. Ng4+ Kg6 33. Qd2 Rf5
34. Qh6+ Kf7 35. Qxh7+ Kf8 36. Rxe6 Nxe6 37. Qxf5+ Bf7 38. Nh6 Nd8 39. Qf6 1-0

[Event "Buenos Aires Aloas Cup-A"]
[Site "Buenos Aires"]
[Date "2015.11.03"]
[Round "3"]
[White "Rodriguez Vila, Andres"]
[Black "Hungaski, Robert Andrew"]
[Result "0-1"]
[WhiteElo "2477"]
[BlackElo "2467"]
[PlyCount "128"]
[EventDate "2015.11.01"]
[EventType "tourn"]
[EventRounds "9"]
[EventCountry "ARG"]
[EventCategory "9"]
[SourceTitle "CBM 169 Extra"]
[Source "ChessBase"]
[SourceDate "2015.12.18"]
[SourceVersion "1"]
[SourceVersionDate "2015.12.18"]
[SourceQuality "1"]

1. e4 d5 2. exd5 Qxd5 3. Nc3 Qd6 4. d4 Nf6 5. Qf3 c6 6. Nge2 Bg4 7. Qg3 Qxg3 8.
Nxg3 g6 9. Bc4 e6 10. f3 Bf5 11. Nge4 Bxe4 12. fxe4 Bb4 13. Bd3 Nbd7 14. O-O e5
15. dxe5 Ng4 16. e6 fxe6 17. Nd1 Bc5+ 18. Kh1 Nge5 19. Bg5 h6 20. Bh4 g5 21.
Bg3 Ke7 22. Nf2 Rhf8 23. Be2 Bd6 24. Rad1 Nf7 25. Bxd6+ Nxd6 26. Kg1 Ne5 27.
Nd3 Nxd3 28. cxd3 Rxf1+ 29. Kxf1 Rd8 30. Kf2 Nb5 31. Ke3 Nd4 32. h4 Nxe2 33.
Kxe2 gxh4 34. Ke3 Rg8 35. Rd2 c5 36. d4 cxd4+ 37. Kf4 Rg3 38. Ke5 d3 39. Rf2
Re3 40. Rd2 Re2 41. Rxd3 Rxb2 42. Rc3 Rb5+ 43. Kf4 Kf6 44. Rc7 Rb2 45. Rh7 Rf2+
46. Ke3 Rxg2 47. Rxh6+ Ke5 48. Rh5+ Kd6 49. a4 Rg3+ 50. Kf4 e5+ 51. Kf5 Rf3+
52. Kg5 Rf4 53. Rh7 Kc6 54. a5 a6 55. Rh6+ Kc7 56. Rh7+ Kb8 57. Re7 Rxe4 58.
Kf5 Ra4 59. Rxe5 h3 60. Ke6 Rh4 61. Re1 h2 62. Rh1 b6 63. axb6 a5 64. Kd6 Kb7
0-1

[Event "Buenos Aires Aloas Cup-A"]
[Site "Buenos Aires"]
[Date "2015.11.05"]
[Round "6"]
[White "Rodriguez Vila, Andres"]
[Black "Iermito, Sebastian"]
[Result "1/2-1/2"]
[WhiteElo "2477"]
[BlackElo "2482"]
[PlyCount "107"]
[EventDate "2015.11.01"]
[EventType "tourn"]
[EventRounds "9"]
[EventCountry "ARG"]
[EventCategory "9"]
[SourceTitle "CBM 169 Extra"]
[Source "ChessBase"]
[SourceDate "2015.12.18"]
[SourceVersion "1"]
[SourceVersionDate "2015.12.18"]
[SourceQuality "1"]

1. e4 e6 2. d4 d5 3. Nd2 Be7 4. Ngf3 Nf6 5. e5 Nfd7 6. Bd3 c5 7. c3 Nc6 8. O-O
Qb6 9. dxc5 Nxc5 10. Bc2 Qc7 11. Re1 Nd7 12. Qe2 b6 13. Nb3 a5 14. Nbd4 Ba6 15.
Nb5 Bxb5 16. Qxb5 Na7 17. Qe2 b5 18. Nd4 Qb6 19. Be3 Bc5 20. Qg4 g6 21. b4 Bxd4
22. Bxd4 Qb7 23. bxa5 Nc6 24. a4 Rxa5 25. Rab1 O-O 26. h4 Rc8 27. Bd3 Rxa4 28.
Bxb5 Ra3 29. h5 Nxd4 30. cxd4 Nf8 31. Qg5 Ra7 32. hxg6 fxg6 33. Be2 Qe7 34. Qd2
Rb7 35. Bg4 Rcc7 36. Qe3 Rxb1 37. Rxb1 Rb7 38. Rc1 Rc7 39. Rc5 Rxc5 40. dxc5
Qc7 41. Qc3 h5 42. Bh3 Qc6 43. Qa5 Nd7 44. Qd8+ Kf7 45. Qh8 Nf8 46. Qf6+ Ke8
47. g3 d4 48. Bg2 Qxc5 49. Be4 Kd7 50. Bd3 Kc7 51. Qf7+ Nd7 52. Bxg6 Qxe5 53.
Qh7 Kd6 54. Qxh5 1/2-1/2